000 00652nam a2200229Ia 4500
003 OSt
005 20220925204256.0
006 a|||||r|||| 00| 0
007 ta
008 220923b |||||||| |||| 00| 0 eng d
037 _cGeneral Book
040 _aRTL
_cRTL
_beng
041 _2eng
_aeng
082 _aX 755: 5932: N2, F7
110 _aLeague of Nations
_910770
245 0 _aFinancial position of Hungary
_b report etc,
260 _aGeneva
_bLeague of Nations
_c1927
650 _aForeign Loan
700 _aLeague of Nations
_910771
942 _hX 755: 5932: N2, F7
_cGB
_2CC
999 _c548972
_d548972